| 000 | 00935nas a2200301 4500 | ||
|---|---|---|---|
| 001 | BR2010005288 | ||
| 003 | BR-BrBNA | ||
| 005 | 20231205114336.0 | ||
| 007 | ta | ||
| 008 | 230509b bl.|||p| |||| 00| 00por d | ||
| 040 |
_aBR-BrBNA _bpor _cBiblioteca Nacional de Agricultura |
||
| 041 | _a(Pt) | ||
| 072 | _aF04 | ||
| 100 | 1 | _aPereira Júnior, P. | |
| 100 | 1 | _aRezende, P.M. | |
| 100 | 1 | _aMalfitano, S.C. | |
| 100 | 1 | _aLima, R.K. | |
| 100 | 1 | _aCorrea, L.V.T. | |
| 100 | 1 | _aCarvalho, E.R. | |
| 245 | 1 | _aEfeito de doses de silício sobre a produtividade e características agronômicas da soja (Glycine max (L.)Merrill) | |
| 650 | _aSOJA | ||
| 650 | _aSILÍCIO | ||
| 650 | _aCARACTERÍSTICAS AGRONÔMICAS | ||
| 650 | _aADUBAÇÃO | ||
| 773 | 0 |
_tCiência e Agrotecnologia (Brazil) _xISSN 1413-7054 _g(Jul-Aug 2010), v.34(4) p. 908-913 _wBR2010005288 |
|
| 909 |
_a202311 _bLúcia _c55 _dLúcia Elande |
||
| 942 |
_2AGRIS _n0 _cANA |
||
| 999 |
_c208315 _d208315 |
||